000 00554nam a2200181Ia 4500
999 _c36764
_d36764
003 OSt
005 20201201133538.0
008 190216s9999||||xx |||||||||||||| ||und||
020 _a9788122201765
040 _coclc
082 _a613.7176
_bSNO/W
100 _aSnowdon, Les
_97099
245 0 _aWalk Slim The Easy Way to Lose Excess Weight In 30 Days /
_cLes Snowdon ; M Humphreys
260 _bOrient Longman,
_aNew Delhi:
_c2000.
300 _a192p
650 _aEnglish
942 _cREF
_2ddc
_h613.7176
_iSNO/W
_k613.7176
_mSNO/W